Het Mekkaansche Feest (Record no. 3483)

MARC details
000 -LEADER
fixed length control field 00604nam a2200241 a 4500
020 ## - INTERNATIONAL STANDARD BOOK NUMBER
ISBN
082 00 - DEWEY DECIMAL CLASSIFICATION NUMBER
Classification number 297.55
Author Cutter HUR
100 ## - MAIN ENTRY--AUTHOR NAME
Author name Hurgronje, Christian Snouck
245 ## - TITLE STATEMENT
Title Het Mekkaansche Feest
260 ## - PUBLICATION, DISTRIBUTION, ETC. (IMPRINT)
Place of publication Leiden
Name of publisher E.J. Brill
Year of publication 1880
300 ## - PHYSICAL DESCRIPTION
Number of Pages 199p
500 ## - GENERAL NOTE
General note includes index and biblioraphy
505 2# - FORMATTED CONTENTS NOTE
Formatted contents note four volumes bound together
650 ## - SUBJECT ADDED ENTRY--TOPICAL TERM
Topical Term Ghalib-Poetry
942 ## - ADDED ENTRY ELEMENTS (KOHA)
Koha item type Books
700 1# -
-- Hurgronje, Christian Snouck
Holdings
Collection code Home library Current library Date acquired Cost, normal purchase price Full call number Accession Number Koha item type
  Henry Martyn Institute Library Henry Martyn Institute Library 07/05/2007 100.00 297.55 HUR 07932 Books
                   Copyright © 2026 | Henry Martyn Institute | Hyderabad | TS-500052 | INDIA | Implemented by hmi.edu.in
Hit-Count:

Powered by Koha